000 00493nam a22001697a 4500
005 20251108164131.0
008 250721s9999 xx 000 0 ara d
082 1 4 _a787.2/دلي
100 1 _aشرف الدين، جمعة محمد
245 1 0 _aدليل المعلم في الكمان العربي و العزف بمجرد النظر /
264 _c[19-].
300 _a44ص
650 1 7 _aالآلآت الوترية
650 1 7 _aالموسيقى
942 _2ddc
_cBK
999 _c4483
_d4483